| 000 | 01088nam a22002657a 4500 | ||
|---|---|---|---|
| 001 | 8872 | ||
| 003 | FISKH | ||
| 005 | 20251024121407.0 | ||
| 008 | 251024b cb ||||| |||| 00| 0 eng d | ||
| 020 | _a9781405234610 | ||
| 040 |
_aFISKH _beng _cFISKH _dFISKH |
||
| 082 | _a823.92 | ||
| 100 | _aAwdry, Rev. W. | ||
| 245 |
_aThomas & Friends: _bBulstrode / _cCreate by Christopher Awdry ; illustrations by Robin Davies and Jerry Smith |
||
| 260 |
_aNew York : _bEgmont, _c1996. |
||
| 300 |
_a32 unnumbered pages : _bcolor illustrations ; _c14 cm |
||
| 505 | _aH | ||
| 520 | _aThis is an exciting new Thomas the Tank Engine series. 50 books will be published over five years, each story featuring a different engine. At pocket money prices, children will be able to collect the entire set. Voucher schemes, multi-buy offers and collector's packs will encourage collectability. | ||
| 521 | 8 |
_a430
_bLexile estimate |
|
| 521 | 8 |
_aH
_bRaz-Plus |
|
| 650 |
_aSteam Engines _vChildren's Books |
||
| 700 |
_aSmith, Jerry _eillustrator |
||
| 942 |
_2ddc _cBK _n0 |
||
| 999 |
_c8872 _d8872 |
||